| 000 | 00518nam a2200169 a 4500 | ||
|---|---|---|---|
| 001 | 000040591 | ||
| 005 | 20201002034233.0 | ||
| 008 | 130902s2006 sp 000 0 spa d | ||
| 020 | _z978849763581 | ||
| 040 |
_aDO-SdBNP _bspa _cBNPHU |
||
| 082 |
_axxxx _bxxxx |
||
| 100 | 1 |
_aOrtega Carcelén, Martín _966924 |
|
| 245 | 1 | 0 |
_aCosmocracia : _bpolítica global para el siglo XXI / _cMartín Ortega Carcelén. |
| 260 |
_aMadrid, : _bSíntesis, _c2006. |
||
| 300 |
_a302 p. ; _c23 cm. |
||
| 504 | _aBibliografías : p. 292-302 | ||
| 999 |
_c40081 _d40081 |
||